Monitoring and Evaluating Projects : a step by step primer on monitoring,benchmarking and impact evaluation (Record no. 233256)

000 -LEADER
fixed length control field nam a22 7a 4500
003 - CONTROL NUMBER IDENTIFIER
control field Nust
005 - DATE AND TIME OF LATEST TRANSACTION
control field 20170306111813.0
008 - FIXED-LENGTH DATA ELEMENTS--GENERAL INFORMATION
fixed length control field 170306b xxu||||| |||| 00| 0 eng d
040 ## - CATALOGING SOURCE
Transcribing agency DLC
082 ## - DEWEY DECIMAL CLASSIFICATION NUMBER
Classification number 307.14 GRU
100 ## - MAIN ENTRY--PERSONAL NAME
Personal name Grun,R.E.
245 ## - TITLE STATEMENT
Title Monitoring and Evaluating Projects : a step by step primer on monitoring,benchmarking and impact evaluation
260 ## - PUBLICATION, DISTRIBUTION, ETC.
Place of publication, distribution, etc. Washington :
Date of publication, distribution, etc. 2006
300 ## - PHYSICAL DESCRIPTION
Extent 44p
Dimensions 27cm
942 ## - ADDED ENTRY ELEMENTS (KOHA)
Source of classification or shelving scheme
Koha item type Book
Holdings
Withdrawn status Lost status Source of classification or shelving scheme Damaged status Not for loan Permanent Location Current Location Date acquired Source of acquisition Full call number Barcode Date last seen Price effective from Koha item type
          School of Civil and Environmental Engineering (SCEE) School of Civil and Environmental Engineering (SCEE) 03/06/2017 NIT 307.14 GRU NIT-8077 03/06/2017 03/06/2017 Report
© 2023 Central Library, National University of Sciences and Technology. All Rights Reserved.